01089nam a2200169Ia 4500008004100000020001500041050002600056100004500082245006100127246003200188250001900220260007000239300003100309504002700340505052400367650002800891120625s2004 mx r 001 0 spa d a9706651853 4aHF5686.C8b C362 20041 aCárdenas Nápoles, Raúl e , autor 10aContabilidad de costos 3c / Raúl Cárdenas Nápoles3 aContabilidad de costos tres a4a. edición  aMéxicob : Instituto Mexicano de Contadores Públicosc , 2004 a177 páginas c ; 22 cm.  aBibliografía: p. 1750 aCostos de distribución y administración Generalidades y objetivos Análisis de los conceptos que forman los costos de distribución y administración Clasificación Fases de distribución y administración Prorrateos Costo variable Generalidades y antecedentes Fundamentos y uso del concepto directo o marginal Presentación del método. Modificaciones de cifras con respecto al método tradicional absorbente Clasificación Producción conjunta Gráfica general de la producción conjunta  4aCONTABILIDAD DE COSTOS